| 000 | 02132cam a22004574i 4500 | ||
|---|---|---|---|
| 003 | PE-LiUPU | ||
| 005 | 20250731165425.0 | ||
| 008 | 160201s1980 pe grm 000 0 spa d | ||
| 035 | _a(Sirsi) a155864 | ||
| 040 |
_aPE-LiUPU _bspa _cPE-LiUPU _erda |
||
| 099 |
_aTT 4 _bR82 1980 |
||
| 100 | 1 |
_aRoncarolo, Roberto R. _eautor |
|
| 245 | 1 | 2 |
_aA strategy for the presentation of the principles of christian Stewardship to the Seventh-Day Adventist Churches in South América / _cRoberto R. Roncarolo. |
| 264 | 0 | _c1980. | |
| 300 |
_a235 hojas _c27 cm |
||
| 336 |
_atext _2rdacontent |
||
| 337 |
_aunmediated _2rdamedia |
||
| 338 |
_avolume _2rdacarrier |
||
| 502 |
_aTesis _b(Dr.) -- _cUniversidad Peruana Unión, _d1980. |
||
| 504 | _aIncluye referencias | ||
| 520 | 3 | _aThe study begins in chapter II with a presentation of the stewardship practices among Roman Catholics an Adventist until just recently, the initiation of the present plan of stewardship until its establishment an following difficulties, and an evaluation made by the leaders of the Adventist Church in South America to determine their thinking on the stewardship practices. The conclusion was that, in the past as well as in the initial implementation of the plan, the Adventist church made some mistakes as a consequence of ignoring the socio-economic, cultural, and religious environment in which it acted, and that as a result the church today is living with a tension between the theory and practice of Christian stewardship. | |
| 526 | _aSEG44 | ||
| 526 | _aSEG26 | ||
| 526 | _aP151 | ||
| 526 | _aP150 | ||
| 526 | _aP149 | ||
| 526 | _aP146 | ||
| 526 | _aP145 | ||
| 526 | _aP126 | ||
| 526 | _aP125 | ||
| 526 | _aP92 | ||
| 526 | _aP75 | ||
| 526 | _aP74 | ||
| 526 | _aP27 | ||
| 526 | _aP15 | ||
| 610 | 1 | 4 |
_aAdventistas del Séptimo Día _xMayordomía cristiana. |
| 610 | 2 | 4 |
_aAdventistas del Séptimo Día _zAmérica del Sur. |
| 596 | _a1 | ||
| 942 |
_2ddc _cTESIS |
||
| 999 |
_aTT 4 R82 1980 _wALPHANUM _c8541 _iT00436 _lCCODEBUL3 _mBUL _r1 _sY _tTESIS _u2016-2-1 _xPOSGRADO _PP94 _o.STAFF. Tesis _d8541 |
||
| 980 |
_81 _gALBERTO SANCHEZ Responsable de Automatización |
||